Prime Numbers Only - Sudden Death - Statistics

General Stats
  • This quiz has been taken 78 times
  • The average score is 14 of 25
Answers on the Grid
Answers color-coded by a green-red scale on the quiz's grid according to % correct below.
1
2
3
4
5
6
7
8
9
10
11
12
13
14
15
16
17
18
19
20
21
22
23
24
25
26
27
28
29
30
31
32
33
34
35
36
37
38
39
40
41
42
43
44
45
46
47
48
49
50
51
52
53
54
55
56
57
58
59
60
61
62
63
64
65
66
67
68
69
70
71
72
73
74
75
76
77
78
79
80
81
82
83
84
85
86
87
88
89
90
91
92
93
94
95
96
97
98
99
100
 
Answer Stats
Answer % Correct
13
96%
3
95%
7
95%
11
91%
5
91%
17
89%
23
88%
19
86%
2
77%
37
70%
29
68%
31
65%
41
60%
43
51%
47
51%
53
35%
61
30%
73
30%
59
28%
67
28%
71
25%
79
21%
83
21%
89
16%
97
16%
No matching quizzes found
Score Distribution
Percent of People with Each Score
Percentile by Number Answered
Your Score History
You have not taken this quiz